[Event "Open"]
[Site "Tallinn, EE"]
[Date "2024.12.12"]
[Round "1.1"]
[White "Maidla, Vallo"]
[Black "Obolonin, Filipp"]
[Result "1-0"]
[Board "3"]
[WhiteFideId "4500296"]
[BlackFideId "4505549"]
[WhiteTitle "IM"]
[WhiteElo "2381"]
[BlackElo "2009"]
[WhiteTeam "EST"]
[BlackTeam "EST"]
[WhiteClock "0:07:17"]
[BlackClock "0:00:41"]
[Variant "Standard"]

1. e4 {[%clk 1:30:54]}  e6 {[%clk 1:30:46]} 2. d4 {[%clk 1:31:12]}  d5 {[%clk 1:31:09]} 3. Nc3 {[%clk 1:31:32]}  dxe4 {[%clk 1:31:24]} 4. Nxe4 {[%clk 1:31:49]}  Be7 {[%clk 1:31:18]} 5. Nf3 {[%clk 1:31:29]}  Nd7 {[%clk 1:29:57]} 6. Bd3 {[%clk 1:28:09]}  h6 {[%clk 1:30:06]} 7. Be3 {[%clk 1:18:18]}  Ngf6 {[%clk 1:30:13]} 8. Nxf6+ {[%clk 1:18:27]}  Nxf6 {[%clk 1:30:12]} 9. Ne5 {[%clk 1:17:35]}  O-O {[%clk 1:28:15]} 10. Qf3 {[%clk 1:14:36]}  Nd5 {[%clk 1:25:26]} 11. O-O {[%clk 1:05:33]}  c5 {[%clk 1:06:18]} 12. c3 {[%clk 0:48:01]}  Bd6 {[%clk 0:59:58]} 13. Rad1 {[%clk 0:40:43]}  Qc7 {[%clk 0:49:19]} 14. Rfe1 {[%clk 0:26:57]}  Rb8 {[%clk 0:29:27]} 15. Qh5 {[%clk 0:20:13]}  cxd4 {[%clk 0:07:45]} 16. cxd4 {[%clk 0:17:42]}  Nxe3 {[%clk 0:05:48]} 17. Rxe3 {[%clk 0:13:55]}  f5 {[%clk 0:05:50]} 18. g4 {[%clk 0:12:28]}  b5 {[%clk 0:02:24]} 19. f4 {[%clk 0:09:10]}  Bxe5 {[%clk 0:01:43]} 20. fxe5 {[%clk 0:08:18]}  f4 {[%clk 0:00:35]} 21. Qg6 {[%clk 0:07:30]}  Rf7 {[%clk 0:01:01]} 22. Re2 {[%clk 0:06:05]}  Qd8 {[%clk 0:01:04]} 23. Be4 {[%clk 0:05:37]}  Qb6 {[%clk 0:00:10]} 24. Qh7+ {[%clk 0:03:52]}  Kf8 {[%clk 0:01:06]} 25. Bg6 {[%clk 0:04:07]}  f3 {[%clk 0:00:35]} 26. Qh8+ {[%clk 0:03:01]}  Ke7 {[%clk 0:00:38]} 27. Bxf7 {[%clk 0:03:22]}  Kxf7 {[%clk 0:00:33]} 28. Rf2 {[%clk 0:03:26]}  Bd7 {[%clk 0:00:31]} 29. Rxf3+ {[%clk 0:03:16]}  Kg6 {[%clk 0:00:56]} 30. Rf8 {[%clk 0:02:03]}  Rxf8 {[%clk 0:00:51]} 31. Qxf8 {[%clk 0:02:32]}  Qc6 {[%clk 0:00:47]} 32. Rf1 {[%clk 0:01:50]}  Qd5 {[%clk 0:00:37]} 33. Qd6 {[%clk 0:01:33]}  Qe4 {[%clk 0:00:57]} 34. Qxd7 {[%clk 0:01:34]}  Qxg4+ {[%clk 0:00:51]} 35. Kf2 {[%clk 0:01:45]}  Qf4+ {[%clk 0:01:03]} 36. Ke2 {[%clk 0:01:13]}  Qe4+ {[%clk 0:01:21]} 37. Kd2 {[%clk 0:00:47]}  Qg2+ {[%clk 0:01:45]} 38. Ke3 {[%clk 0:00:48]}  Qxf1 {[%clk 0:02:00]} 39. Qxe6+ {[%clk 0:01:16]}  Kh7 {[%clk 0:02:15]} 40. Qg4 {[%clk 0:16:14]}  Qc1+ {[%clk 0:16:53]} 41. Ke4 {[%clk 0:15:49]}  Qc6+ {[%clk 0:16:51]} 42. Kd3 {[%clk 0:12:46]}  Qc4+ {[%clk 0:17:09]} 43. Kd2 {[%clk 0:13:02]}  Qb4+ {[%clk 0:16:52]} 44. Ke3 {[%clk 0:13:20]}  Qxb2 {[%clk 0:14:11]} 45. Qf5+ {[%clk 0:13:16]}  Kh8 {[%clk 0:13:57]} 46. e6 {[%clk 0:12:27]}  Qc3+ {[%clk 0:07:57]} 47. Ke4 {[%clk 0:12:25]}  Qc2+ {[%clk 0:01:27]} 48. Ke5 {[%clk 0:12:42]}  Qc7+ {[%clk 0:01:02]} 49. Kd5 {[%clk 0:13:02]}  Qd8+ {[%clk 0:00:48]} 50. Ke4 {[%clk 0:11:46]}  Qh4+ {[%clk 0:00:43]} 51. Qf4 {[%clk 0:10:44]}  Qe1+ {[%clk 0:00:37]} 52. Kd5 {[%clk 0:10:48]}  Qb4 {[%clk 0:00:53]} 53. Qb8+ {[%clk 0:08:07]}  Kh7 {[%clk 0:01:18]} 54. Qe5 {[%clk 0:08:11]}  Qc4+ {[%clk 0:00:41]} 55. Ke4 {[%clk 0:07:17]} 1-0

[Event "Open"]
[Site "Tallinn, EE"]
[Date "2024.12.13"]
[Round "1.2"]
[White "Obolonin, Filipp"]
[Black "Maidla, Vallo"]
[Result "1-0"]
[Board "3"]
[WhiteFideId "4505549"]
[BlackFideId "4500296"]
[BlackTitle "IM"]
[WhiteElo "2009"]
[BlackElo "2381"]
[WhiteTeam "EST"]
[BlackTeam "EST"]
[WhiteClock "1:15:35"]
[BlackClock "0:27:02"]
[Variant "Standard"]

1. Nf3 {[%clk 1:21:21]}  d5 {[%clk 1:30:00]} 2. d4 {[%clk 1:21:45]}  Nf6 {[%clk 1:30:12]} 3. g3 {[%clk 1:21:32]}  e6 {[%clk 1:30:23]} 4. Bg2 {[%clk 1:21:57]}  Be7 {[%clk 1:30:34]} 5. O-O {[%clk 1:22:17]}  O-O {[%clk 1:30:49]} 6. c4 {[%clk 1:22:40]}  dxc4 {[%clk 1:31:06]} 7. Ne5 {[%clk 1:23:05]}  Nd5 {[%clk 1:29:29]} 8. Nxc4 {[%clk 1:23:21]}  b5 {[%clk 1:29:20]} 9. Ne5 {[%clk 1:18:49]}  Bb7 {[%clk 1:29:13]} 10. Qb3 {[%clk 1:16:15]}  a6 {[%clk 1:28:27]} 11. e3 {[%clk 1:11:31]}  Nd7 {[%clk 1:26:58]} 12. Nd3 {[%clk 1:10:40]}  c5 {[%clk 1:25:10]} 13. dxc5 {[%clk 1:11:05]}  Nxc5 {[%clk 1:25:33]} 14. Nxc5 {[%clk 1:11:04]}  Bxc5 {[%clk 1:25:50]} 15. Nc3 {[%clk 1:10:27]}  Nxc3 {[%clk 1:16:03]} 16. Bxb7 {[%clk 1:09:48]}  Ne2+ {[%clk 1:15:47]} 17. Kg2 {[%clk 1:10:03]}  Rb8 {[%clk 1:15:12]} 18. Bf3 {[%clk 1:10:25]}  Nxc1 {[%clk 1:15:08]} 19. Raxc1 {[%clk 1:10:46]}  Qb6 {[%clk 1:07:03]} 20. Rc3 {[%clk 1:10:43]}  Rfd8 {[%clk 1:06:08]} 21. Rfc1 {[%clk 1:11:04]}  Be7 {[%clk 1:05:30]} 22. Rc7 {[%clk 1:07:56]}  Bf6 {[%clk 1:01:43]} 23. R1c6 {[%clk 1:07:27]}  Qa5 {[%clk 1:01:57]} 24. Bh5 {[%clk 1:06:43]}  Rd6 {[%clk 0:25:47]} 25. Bxf7+ {[%clk 1:06:28]}  Kh8 {[%clk 0:24:53]} 26. Bxe6 {[%clk 1:05:17]}  Rxc6 {[%clk 0:24:29]} 27. Rxc6 {[%clk 1:05:41]}  Rd8 {[%clk 0:24:27]} 28. Rc8 {[%clk 1:03:57]}  Qd2 {[%clk 0:24:22]} 29. Rxd8+ {[%clk 1:04:19]}  Qxd8 {[%clk 0:24:50]} 30. Bg4 {[%clk 1:04:36]}  g6 {[%clk 0:24:10]} 31. a4 {[%clk 1:03:43]}  bxa4 {[%clk 0:21:43]} 32. Qxa4 {[%clk 1:03:45]}  Bxb2 {[%clk 0:21:37]} 33. Qxa6 {[%clk 1:04:09]}  Qc7 {[%clk 0:21:34]} 34. Qb5 {[%clk 1:03:33]}  Bf6 {[%clk 0:21:51]} 35. h4 {[%clk 1:03:20]}  h5 {[%clk 0:21:51]} 36. Bf3 {[%clk 1:03:22]}  Kg7 {[%clk 0:22:10]} 37. Qe8 {[%clk 1:03:21]}  Qd6 {[%clk 0:22:23]} 38. Be4 {[%clk 1:03:26]}  Bc3 {[%clk 0:22:26]} 39. Qc6 {[%clk 1:02:05]}  Qxc6 {[%clk 0:22:35]} 40. Bxc6 {[%clk 1:17:29]}  Kf6 {[%clk 0:37:56]} 41. f4 {[%clk 1:17:52]}  Be1 {[%clk 0:38:03]} 42. Be8 {[%clk 1:17:39]}  Kg7 {[%clk 0:38:21]} 43. Kf3 {[%clk 1:17:56]}  Kf6 {[%clk 0:38:48]} 44. e4 {[%clk 1:18:18]}  Kg7 {[%clk 0:39:06]} 45. e5 {[%clk 1:18:31]}  Kh7 {[%clk 0:39:34]} 46. g4 {[%clk 1:18:38]}  Kh6 {[%clk 0:34:39]} 47. gxh5 {[%clk 1:15:35]}  gxh5 {[%clk 0:34:52]} 48. f5 {[%clk 1:15:16]}  Bxh4 {[%clk 0:35:01]} 49. f6 {[%clk 1:15:29]}  Be1 {[%clk 0:33:56]} 50. Kf4 {[%clk 1:15:02]}  h4 {[%clk 0:34:02]} 51. Kf5 {[%clk 1:15:17]}  h3 {[%clk 0:27:02]} 52. e6 {[%clk 1:15:35]} 1-0

[Event "Open"]
[Site "Tallinn, EE"]
[Date "2024.12.13"]
[Round "1.3"]
[White "Maidla, Vallo"]
[Black "Obolonin, Filipp"]
[Result "1/2-1/2"]
[Board "3"]
[WhiteFideId "4500296"]
[BlackFideId "4505549"]
[WhiteTitle "IM"]
[WhiteElo "2381"]
[BlackElo "2009"]
[WhiteTeam "EST"]
[BlackTeam "EST"]
[WhiteClock "0:02:28"]
[BlackClock "0:03:39"]
[Variant "Standard"]

1. e4 {[%clk 0:15:04]}  c5 {[%clk 0:15:06]} 2. Nf3 {[%clk 0:15:05]}  a6 {[%clk 0:15:08]} 3. c3 {[%clk 0:14:34]}  d5 {[%clk 0:15:09]} 4. exd5 {[%clk 0:14:34]}  Qxd5 {[%clk 0:15:11]} 5. d4 {[%clk 0:14:23]}  Nc6 {[%clk 0:15:12]} 6. Be2 {[%clk 0:14:04]}  cxd4 {[%clk 0:15:01]} 7. cxd4 {[%clk 0:14:05]}  e6 {[%clk 0:15:04]} 8. O-O {[%clk 0:14:00]}  Bb4 {[%clk 0:15:05]} 9. a3 {[%clk 0:13:50]}  Ba5 {[%clk 0:15:07]} 10. b4 {[%clk 0:13:44]}  Bb6 {[%clk 0:14:57]} 11. Nc3 {[%clk 0:13:39]}  Qd8 {[%clk 0:15:00]} 12. d5 {[%clk 0:13:02]}  exd5 {[%clk 0:15:01]} 13. Nxd5 {[%clk 0:13:03]}  Nge7 {[%clk 0:15:03]} 14. Nxb6 {[%clk 0:12:34]}  Qxb6 {[%clk 0:15:06]} 15. Bb2 {[%clk 0:12:30]}  O-O {[%clk 0:15:02]} 16. Bd3 {[%clk 0:11:40]}  Bf5 {[%clk 0:14:53]} 17. Bxf5 {[%clk 0:11:07]}  Nxf5 {[%clk 0:14:55]} 18. Qd5 {[%clk 0:10:53]}  Nfe7 {[%clk 0:14:45]} 19. Qg5 {[%clk 0:10:36]}  f6 {[%clk 0:14:31]} 20. Qh5 {[%clk 0:10:20]}  Ng6 {[%clk 0:14:21]} 21. Rfe1 {[%clk 0:10:04]}  Rfe8 {[%clk 0:14:22]} 22. h3 {[%clk 0:09:45]}  Rad8 {[%clk 0:14:15]} 23. Rxe8+ {[%clk 0:09:34]}  Rxe8 {[%clk 0:14:18]} 24. Rd1 {[%clk 0:09:35]}  Re2 {[%clk 0:12:45]} 25. Bd4 {[%clk 0:09:14]}  Nxd4 {[%clk 0:12:47]} 26. Nxd4 {[%clk 0:09:04]}  Re5 {[%clk 0:12:39]} 27. Qg4 {[%clk 0:08:57]}  Nf8 {[%clk 0:11:58]} 28. Nf5 {[%clk 0:08:41]}  g6 {[%clk 0:11:45]} 29. Nd6 {[%clk 0:07:54]}  Qc6 {[%clk 0:11:32]} 30. Qf4 {[%clk 0:07:11]}  Kg7 {[%clk 0:11:06]} 31. Qd2 {[%clk 0:06:32]}  b5 {[%clk 0:09:35]} 32. Rc1 {[%clk 0:05:44]}  Qd7 {[%clk 0:09:23]} 33. Rc5 {[%clk 0:04:43]}  Re7 {[%clk 0:08:28]} 34. Rd5 {[%clk 0:04:40]}  Qe6 {[%clk 0:08:25]} 35. f3 {[%clk 0:04:17]}  Rd7 {[%clk 0:08:26]} 36. Rd3 {[%clk 0:04:12]}  f5 {[%clk 0:08:10]} 37. Qc3+ {[%clk 0:03:59]}  Kg8 {[%clk 0:08:09]} 38. Qc5 {[%clk 0:03:08]}  h6 {[%clk 0:06:13]} 39. Kh2 {[%clk 0:03:10]}  Kh7 {[%clk 0:04:22]} 40. f4 {[%clk 0:03:11]}  Kg8 {[%clk 0:04:23]} 41. Rd5 {[%clk 0:02:58]}  Nh7 {[%clk 0:03:50]} 42. Qc8+ {[%clk 0:02:36]}  Nf8 {[%clk 0:03:39]} 43. Qc5 {[%clk 0:02:32]}  Nh7 {[%clk 0:03:36]} 44. Qc8+ {[%clk 0:02:26]}  Nf8 {[%clk 0:03:38]} 45. Qc5 {[%clk 0:02:28]}  Nh7 {[%clk 0:03:40]} 46. Qc8+ {[%clk 0:02:28]}  Nf8 {[%clk 0:03:39]} 1/2-1/2

[Event "Open"]
[Site "Tallinn, EE"]
[Date "2024.12.13"]
[Round "1.4"]
[White "Obolonin, Filipp"]
[Black "Maidla, Vallo"]
[Result "1-0"]
[Board "3"]
[WhiteFideId "4505549"]
[BlackFideId "4500296"]
[BlackTitle "IM"]
[WhiteElo "2009"]
[BlackElo "2381"]
[WhiteTeam "EST"]
[BlackTeam "EST"]
[WhiteClock "0:12:28"]
[BlackClock "0:06:13"]
[Variant "Standard"]

1. d4 {[%clk 0:15:04]}  Nf6 {[%clk 0:15:04]} 2. Nf3 {[%clk 0:15:06]}  c5 {[%clk 0:15:05]} 3. c3 {[%clk 0:15:09]}  b6 {[%clk 0:15:00]} 4. g3 {[%clk 0:15:10]}  Bb7 {[%clk 0:15:01]} 5. Bg2 {[%clk 0:15:13]}  g6 {[%clk 0:14:57]} 6. O-O {[%clk 0:15:14]}  Bg7 {[%clk 0:14:59]} 7. b3 {[%clk 0:15:16]}  O-O {[%clk 0:14:48]} 8. Bb2 {[%clk 0:15:18]}  d6 {[%clk 0:14:39]} 9. Nbd2 {[%clk 0:15:20]}  Qc7 {[%clk 0:14:34]} 10. e3 {[%clk 0:15:15]}  Nbd7 {[%clk 0:14:34]} 11. c4 {[%clk 0:15:17]}  Ne4 {[%clk 0:14:04]} 12. Nxe4 {[%clk 0:15:18]}  Bxe4 {[%clk 0:14:05]} 13. Qe2 {[%clk 0:15:21]}  e5 {[%clk 0:11:00]} 14. dxe5 {[%clk 0:15:03]}  dxe5 {[%clk 0:10:59]} 15. Rfd1 {[%clk 0:13:45]}  Rad8 {[%clk 0:10:29]} 16. Nxe5 {[%clk 0:13:32]}  Bxg2 {[%clk 0:10:09]} 17. Nxd7 {[%clk 0:13:33]}  Rxd7 {[%clk 0:09:55]} 18. Rxd7 {[%clk 0:13:31]}  Qxd7 {[%clk 0:09:56]} 19. Bxg7 {[%clk 0:13:30]}  Kxg7 {[%clk 0:09:23]} 20. Kxg2 {[%clk 0:13:31]}  Rd8 {[%clk 0:09:25]} 21. Re1 {[%clk 0:13:32]}  h5 {[%clk 0:09:18]} 22. h3 {[%clk 0:13:34]}  Qd2 {[%clk 0:08:48]} 23. h4 {[%clk 0:13:30]}  Qa5 {[%clk 0:08:29]} 24. Qb2+ {[%clk 0:13:23]}  Kg8 {[%clk 0:08:28]} 25. Re2 {[%clk 0:13:21]}  Rd3 {[%clk 0:08:01]} 26. Qc2 {[%clk 0:13:08]}  Rd6 {[%clk 0:07:56]} 27. e4 {[%clk 0:12:50]}  b5 {[%clk 0:07:39]} 28. cxb5 {[%clk 0:12:46]}  Qxb5 {[%clk 0:07:41]} 29. Rd2 {[%clk 0:12:48]}  Rd4 {[%clk 0:07:25]} 30. Qc3 {[%clk 0:12:38]}  Rxe4 {[%clk 0:06:45]} 31. Rd8+ {[%clk 0:12:39]}  Re8 {[%clk 0:06:46]} 32. Rxe8+ {[%clk 0:12:41]}  Qxe8 {[%clk 0:06:48]} 33. Qxc5 {[%clk 0:12:43]}  Qe4+ {[%clk 0:06:46]} 34. Kh2 {[%clk 0:12:41]}  Qb7 {[%clk 0:06:36]} 35. b4 {[%clk 0:12:42]}  Kg7 {[%clk 0:06:31]} 36. a4 {[%clk 0:12:43]}  f6 {[%clk 0:06:29]} 37. b5 {[%clk 0:12:44]}  Kh6 {[%clk 0:06:25]} 38. Qf8+ {[%clk 0:12:37]}  Kh7 {[%clk 0:06:25]} 39. Qxf6 {[%clk 0:12:37]}  Qd7 {[%clk 0:06:21]} 40. Qf4 {[%clk 0:12:29]}  Kg8 {[%clk 0:06:14]} 41. Qc4+ {[%clk 0:12:24]}  Kg7 {[%clk 0:06:15]} 42. Qc5 {[%clk 0:12:26]}  Qf7 {[%clk 0:06:13]} 43. a5 {[%clk 0:12:28]} 1-0

[Event "Open"]
[Site "Tallinn, EE"]
[Date "2024.12.12"]
[Round "1.1"]
[White "Koop, Vyacheslav"]
[Black "Kanep, Meelis"]
[Result "1-0"]
[Board "4"]
[WhiteFideId "4500644"]
[BlackFideId "4501047"]
[BlackTitle "GM"]
[WhiteElo "2168"]
[BlackElo "2377"]
[WhiteTeam "EST"]
[BlackTeam "EST"]
[WhiteClock "0:00:50"]
[BlackClock "0:00:38"]
[Variant "Standard"]

1. e4 {[%clk 1:30:58]}  c5 {[%clk 1:30:43]} 2. Nf3 {[%clk 1:31:23]}  Nc6 {[%clk 1:30:35]} 3. Bb5 {[%clk 1:30:56]}  g6 {[%clk 1:30:16]} 4. O-O {[%clk 1:28:16]}  Bg7 {[%clk 1:28:53]} 5. Re1 {[%clk 1:25:47]}  Nf6 {[%clk 1:28:23]} 6. c3 {[%clk 1:25:39]}  O-O {[%clk 1:28:22]} 7. d4 {[%clk 1:25:29]}  cxd4 {[%clk 1:23:32]} 8. cxd4 {[%clk 1:25:50]}  d5 {[%clk 1:23:49]} 9. e5 {[%clk 1:26:03]}  Ne4 {[%clk 1:22:49]} 10. Bxc6 {[%clk 1:01:55]}  bxc6 {[%clk 1:22:47]} 11. Nbd2 {[%clk 1:02:19]}  Nxd2 {[%clk 1:20:11]} 12. Nxd2 {[%clk 1:02:38]}  f6 {[%clk 0:57:12]} 13. f4 {[%clk 0:55:36]}  fxe5 {[%clk 0:54:46]} 14. fxe5 {[%clk 0:55:57]}  c5 {[%clk 0:40:08]} 15. dxc5 {[%clk 0:55:18]}  Qc7 {[%clk 0:36:56]} 16. Nb3 {[%clk 0:55:04]}  e6 {[%clk 0:36:40]} 17. Qd4 {[%clk 0:55:04]}  a5 {[%clk 0:35:04]} 18. Bf4 {[%clk 0:42:25]}  Rb8 {[%clk 0:33:42]} 19. Bg3 {[%clk 0:40:15]}  Bd7 {[%clk 0:26:23]} 20. Rac1 {[%clk 0:28:37]}  Bh6 {[%clk 0:24:28]} 21. c6 {[%clk 0:16:02]}  Bxc1 {[%clk 0:23:17]} 22. cxd7 {[%clk 0:13:41]}  Rb4 {[%clk 0:19:19]} 23. Qc5 {[%clk 0:09:29]}  Qxd7 {[%clk 0:11:01]} 24. Rxc1 {[%clk 0:09:36]}  Rb5 {[%clk 0:02:02]} 25. Qd6 {[%clk 0:07:18]}  Qa7+ {[%clk 0:01:04]} 26. Kh1 {[%clk 0:07:28]}  Rb6 {[%clk 0:01:22]} 27. Qc5 {[%clk 0:06:44]}  Qa6 {[%clk 0:01:26]} 28. h4 {[%clk 0:01:56]}  a4 {[%clk 0:01:41]} 29. Nd4 {[%clk 0:02:14]}  Rxb2 {[%clk 0:01:53]} 30. h5 {[%clk 0:01:48]}  gxh5 {[%clk 0:00:35]} 31. Qe7 {[%clk 0:01:31]}  Rf1+ {[%clk 0:00:38]} 32. Kh2 {[%clk 0:01:54]}  Rf7 {[%clk 0:00:36]} 33. Qg5+ {[%clk 0:01:21]}  Kh8 {[%clk 0:00:35]} 34. Qd8+ {[%clk 0:00:48]}  Kg7 {[%clk 0:01:02]} 35. Qg5+ {[%clk 0:01:14]}  Kh8 {[%clk 0:01:28]} 36. Qd8+ {[%clk 0:00:59]}  Kg7 {[%clk 0:01:56]} 37. Bh4 {[%clk 0:00:46]}  Qb6 {[%clk 0:00:38]} 38. Qg5+ {[%clk 0:00:50]} 1-0

[Event "Open"]
[Site "Tallinn, EE"]
[Date "2024.12.13"]
[Round "1.2"]
[White "Kanep, Meelis"]
[Black "Koop, Vyacheslav"]
[Result "1-0"]
[Board "4"]
[WhiteFideId "4501047"]
[BlackFideId "4500644"]
[WhiteTitle "GM"]
[WhiteElo "2377"]
[BlackElo "2168"]
[WhiteTeam "EST"]
[BlackTeam "EST"]
[WhiteClock "0:01:42"]
[BlackClock "0:00:49"]
[Variant "Standard"]

1. d4 {[%clk 1:30:56]}  Nf6 {[%clk 1:30:56]} 2. c4 {[%clk 1:31:12]}  g6 {[%clk 1:31:16]} 3. Nc3 {[%clk 1:31:20]}  d5 {[%clk 1:31:33]} 4. cxd5 {[%clk 1:31:19]}  Nxd5 {[%clk 1:31:57]} 5. e4 {[%clk 1:31:33]}  Nxc3 {[%clk 1:32:21]} 6. bxc3 {[%clk 1:31:58]}  Bg7 {[%clk 1:32:45]} 7. Nf3 {[%clk 1:32:13]}  c5 {[%clk 1:33:06]} 8. Be2 {[%clk 1:32:26]}  Nc6 {[%clk 1:32:35]} 9. d5 {[%clk 1:32:36]}  Na5 {[%clk 1:30:37]} 10. O-O {[%clk 1:28:41]}  O-O {[%clk 1:29:04]} 11. e5 {[%clk 1:00:12]}  Bg4 {[%clk 0:55:37]} 12. Bf4 {[%clk 0:55:18]}  e6 {[%clk 0:51:26]} 13. d6 {[%clk 0:46:35]}  Nc6 {[%clk 0:50:46]} 14. Re1 {[%clk 0:45:34]}  f6 {[%clk 0:47:03]} 15. Be3 {[%clk 0:10:11]}  Bxf3 {[%clk 0:18:37]} 16. Bxf3 {[%clk 0:10:32]}  Nxe5 {[%clk 0:19:00]} 17. Bxc5 {[%clk 0:09:50]}  Nxf3+ {[%clk 0:13:29]} 18. Qxf3 {[%clk 0:10:17]}  Qd7 {[%clk 0:13:50]} 19. a4 {[%clk 0:09:01]}  Rfc8 {[%clk 0:12:09]} 20. Qe3 {[%clk 0:07:45]}  e5 {[%clk 0:05:51]} 21. Bb4 {[%clk 0:01:49]}  a5 {[%clk 0:03:03]} 22. Ba3 {[%clk 0:02:08]}  Rc4 {[%clk 0:03:23]} 23. Qb6 {[%clk 0:01:06]}  Rxc3 {[%clk 0:02:13]} 24. Rec1 {[%clk 0:01:17]}  Rc6 {[%clk 0:00:58]} 25. Rxc6 {[%clk 0:01:32]}  bxc6 {[%clk 0:00:55]} 26. Rc1 {[%clk 0:01:28]}  Rc8 {[%clk 0:00:52]} 27. Qxa5 {[%clk 0:01:29]}  Bf8 {[%clk 0:01:16]} 28. Qc5 {[%clk 0:01:15]}  Kf7 {[%clk 0:01:21]} 29. a5 {[%clk 0:01:09]}  Rd8 {[%clk 0:00:59]} 30. Rd1 {[%clk 0:00:47]}  Ra8 {[%clk 0:01:11]} 31. h3 {[%clk 0:01:05]}  Rc8 {[%clk 0:01:16]} 32. Qc4+ {[%clk 0:01:05]}  Ke8 {[%clk 0:01:08]} 33. Bc5 {[%clk 0:01:22]}  Ra8 {[%clk 0:00:49]} 34. a6 {[%clk 0:01:42]} 1-0

[Event "Open"]
[Site "Tallinn, EE"]
[Date "2024.12.13"]
[Round "1.3"]
[White "Koop, Vyacheslav"]
[Black "Kanep, Meelis"]
[Result "1/2-1/2"]
[Board "4"]
[WhiteFideId "4500644"]
[BlackFideId "4501047"]
[BlackTitle "GM"]
[WhiteElo "2168"]
[BlackElo "2377"]
[WhiteTeam "EST"]
[BlackTeam "EST"]
[WhiteClock "0:00:17"]
[BlackClock "0:00:14"]
[Variant "Standard"]

1. e4 {[%clk 0:15:04]}  c5 {[%clk 0:15:01]} 2. Nf3 {[%clk 0:15:05]}  Nc6 {[%clk 0:15:00]} 3. Bb5 {[%clk 0:15:04]}  g6 {[%clk 0:14:59]} 4. O-O {[%clk 0:15:00]}  Bg7 {[%clk 0:14:57]} 5. c3 {[%clk 0:14:28]}  Nf6 {[%clk 0:14:57]} 6. Re1 {[%clk 0:14:29]}  O-O {[%clk 0:14:53]} 7. d4 {[%clk 0:14:30]}  d5 {[%clk 0:14:47]} 8. exd5 {[%clk 0:12:03]}  Qxd5 {[%clk 0:14:39]} 9. c4 {[%clk 0:11:07]}  Qd6 {[%clk 0:14:35]} 10. d5 {[%clk 0:09:48]}  Nd4 {[%clk 0:14:29]} 11. Nxd4 {[%clk 0:08:38]}  cxd4 {[%clk 0:14:29]} 12. Qf3 {[%clk 0:08:25]}  a6 {[%clk 0:13:30]} 13. Ba4 {[%clk 0:07:33]}  Qb4 {[%clk 0:12:30]} 14. Qd1 {[%clk 0:07:23]}  Qxc4 {[%clk 0:11:52]} 15. Bb3 {[%clk 0:07:09]}  Qc5 {[%clk 0:11:18]} 16. Bg5 {[%clk 0:04:47]}  Nxd5 {[%clk 0:10:00]} 17. Bxd5 {[%clk 0:03:45]}  Qxd5 {[%clk 0:10:01]} 18. Bxe7 {[%clk 0:03:47]}  Re8 {[%clk 0:09:51]} 19. Nd2 {[%clk 0:03:45]}  Bf5 {[%clk 0:07:32]} 20. h3 {[%clk 0:03:22]}  d3 {[%clk 0:06:59]} 21. Ba3 {[%clk 0:03:07]}  Rxe1+ {[%clk 0:05:47]} 22. Qxe1 {[%clk 0:03:08]}  Rc8 {[%clk 0:05:06]} 23. Rc1 {[%clk 0:02:41]}  Rxc1 {[%clk 0:04:45]} 24. Qxc1 {[%clk 0:02:43]}  h6 {[%clk 0:03:42]} 25. Qc7 {[%clk 0:01:54]}  Qxa2 {[%clk 0:02:54]} 26. Qb8+ {[%clk 0:01:16]}  Kh7 {[%clk 0:02:53]} 27. Qxb7 {[%clk 0:01:18]}  Qa1+ {[%clk 0:02:10]} 28. Kh2 {[%clk 0:01:09]}  Qe1 {[%clk 0:01:00]} 29. Nf3 {[%clk 0:01:04]}  Qe6 {[%clk 0:01:00]} 30. Qb4 {[%clk 0:00:37]}  Be4 {[%clk 0:00:49]} 31. Nd2 {[%clk 0:00:39]}  Qe5+ {[%clk 0:00:34]} 32. g3 {[%clk 0:00:34]}  Bd5 {[%clk 0:00:34]} 33. Qa5 {[%clk 0:00:26]}  Qd4 {[%clk 0:00:16]} 34. Kg1 {[%clk 0:00:27]}  Bb7 {[%clk 0:00:14]} 35. Qc7 {[%clk 0:00:26]}  Qd5 {[%clk 0:00:14]} 36. f3 {[%clk 0:00:23]}  Bd4+ {[%clk 0:00:10]} 37. Kf1 {[%clk 0:00:20]}  Be3 {[%clk 0:00:11]} 38. Ke1 {[%clk 0:00:12]}  Bxd2+ {[%clk 0:00:06]} 39. Kxd2 {[%clk 0:00:14]}  Qxf3 {[%clk 0:00:08]} 40. Qe5 {[%clk 0:00:12]}  Qf2+ {[%clk 0:00:05]} 41. Kc3 {[%clk 0:00:10]}  Qc2+ {[%clk 0:00:06]} 42. Kb4 {[%clk 0:00:07]}  a5+ {[%clk 0:00:04]} 43. Kxa5 {[%clk 0:00:08]}  Qc6 {[%clk 0:00:04]} 44. Bf8 {[%clk 0:00:06]}  Qa6+ {[%clk 0:00:04]} 45. Kb4 {[%clk 0:00:09]}  Qb6+ {[%clk 0:00:04]} 46. Kc3 {[%clk 0:00:10]}  Qc6+ {[%clk 0:00:05]} 47. Kxd3 {[%clk 0:00:07]}  Qf3+ {[%clk 0:00:05]} 48. Kd2 {[%clk 0:00:07]}  Qf2+ {[%clk 0:00:07]} 49. Kc3 {[%clk 0:00:08]}  Qf3+ {[%clk 0:00:08]} 50. Kb4 {[%clk 0:00:07]}  Qe4+ {[%clk 0:00:06]} 51. Qxe4 {[%clk 0:00:08]}  Bxe4 {[%clk 0:00:08]} 52. Kc5 {[%clk 0:00:10]}  g5 {[%clk 0:00:08]} 53. h4 {[%clk 0:00:12]}  gxh4 {[%clk 0:00:09]} 54. gxh4 {[%clk 0:00:14]}  Kg6 {[%clk 0:00:11]} 55. b4 {[%clk 0:00:15]}  f5 {[%clk 0:00:11]} 56. Kd4 {[%clk 0:00:14]}  Kh5 {[%clk 0:00:12]} 57. Be7 {[%clk 0:00:16]}  Kg4 {[%clk 0:00:14]} 58. Ke3 {[%clk 0:00:14]}  Bc6 {[%clk 0:00:14]} 59. Kf2 {[%clk 0:00:15]}  h5 {[%clk 0:00:14]} 60. Bd8 {[%clk 0:00:17]} 1/2-1/2